00321nam a22001457a 450000500170000002000180001704100120003508200160004710000170006324500280008025000070010826000410011530000080015636500110016420260618133549.0 a9789385982453 aEnglish aT20 R24 RAV aRavisankar C aTamil Ilakkiya Varalaru a01 aChennaibThamarai Publicationsc2024 a368 b300.00